| 000 | 01434ncm0a2200373 4500 | ||
|---|---|---|---|
| 001 | RU\NLR\ONIZ\208911 | ||
| 005 | 20250624195015.0 | ||
| 021 |
_aRU _b01-467 _901-23 |
||
| 035 | _aRU\NLR\ONIZ\GALA\5000020517\20150216155151 | ||
| 035 | _a(NLR Aleph) 010889771 | ||
| 071 | 2 | 0 | _a10472 |
| 090 |
_a10545941 _c10545941 |
||
| 100 | _a20150216d2001 |||y0rusy50 ca | ||
| 101 | 0 | _arus | |
| 102 | _aRU | ||
| 125 | _aax | ||
| 200 | 1 |
_aЮпитер _bНоты _dJupiter _eсимфония для органа _zeng _fЛ. Родионова |
|
| 210 |
_aМосква _cКомпозитор _d2001 |
||
| 215 |
_a35 с. _d29 см |
||
| 300 | _aПеред нот. текстом: посвящается памяти О. Мессиана | ||
| 606 | 1 |
_aСимфонии для органа _yРоссия _z20-21 век _jНоты _2nlr_sh |
|
| 686 |
_aЩ954.3-040(2Р=Рус) _vLBC/SL _2rubbk |
||
| 700 | 1 |
_9z01790 _aРодионова _bЛ. В. _f1956- _gЛилия Владимировна _4230 |
|
| 702 | 1 |
_9z02790 _aМессиан _bО. _f1908-1992 _gОливье _4280 |
|
| 790 | 1 |
_9z01700 _aRodionova _bL. V. _f1956- _gLiliya Vladimirovna _4230 |
|
| 790 | 1 |
_9z02702 _aMessiaen _bO. _ccomposer _f1908-1992 _gOlivier _4280 |
|
| 801 | 0 |
_aRU _bNLR _c20150216 _gPSBO |
|
| 801 | 1 |
_aRU _bNLR _c20150216 _2rusmarc |
|
| 801 | 2 |
_aRU _bNLR _c20190630 |
|
| 852 |
_aNLR _bМ _jК-3/24125 _pМОЭ 2001-23/467 _t1 |
||
| 942 | _cSCORE | ||
| 980 | _aNB | ||
| 980 | _aONIZ | ||